Likelihood, quasi-likelihood and pseudolikelihood: some comparisons.

Analýza vlastností konečného vzorkovania niekoľkých odhadov disperzie pre tri modely simulácie. Porovnanie maximálneho odhadu rozšírenej kvázipravdepodobnosti, pseudopravdepodobnosti a pravdepodobnosti, ak existuje. Prvý z týchto odhadov je spravidla najlepší z hľadiska minimalizácie chyby pri metód...

Descripción completa

Guardado en:
Detalles Bibliográficos
Autor principal: Nelder, J.A
Otros Autores: Lee, Y.
Formato: Capítulo de libro
Lenguaje:inglés
Materias:
Etiquetas: Agregar Etiqueta
Sin Etiquetas, Sea el primero en etiquetar este registro!

MARC

LEADER 00000naa a2200000 4500
001 r011761
005 20221213085058.9
041 0 |a eng 
044 |a GB 
245 1 0 |a Likelihood, quasi-likelihood and pseudolikelihood: some comparisons.  |c J.A. Nelder, Y. Lee 
520 |a Analýza vlastností konečného vzorkovania niekoľkých odhadov disperzie pre tri modely simulácie. Porovnanie maximálneho odhadu rozšírenej kvázipravdepodobnosti, pseudopravdepodobnosti a pravdepodobnosti, ak existuje. Prvý z týchto odhadov je spravidla najlepší z hľadiska minimalizácie chyby pri metóde najmenších štvorcov. 
610 2 0 |a pravdepodobnosť 
610 2 0 |a modely simulačné 
610 2 0 |a metódy matematicko-štatistické 
610 2 0 |a metóda štvorcov najmenších 
100 1 |a Nelder, J.A. 
700 1 |a Lee, Y.